UBT Library

Teach yourself Delphi 3 in 14 days / (Record no. 1120)

000 -LEADER
fixed length control field 00598nam a22002057a 4500
008 - FIXED-LENGTH DATA ELEMENTS--GENERAL INFORMATION
fixed length control field 150714b xxu||||| |||| 00| 0 eng d
020 ## - INTERNATIONAL STANDARD BOOK NUMBER
International Standard Book Number 0672311143
041 #0 - LANGUAGE CODE
Language code of text/sound track or separate title eng
080 ## - UNIVERSAL DECIMAL CLASSIFICATION NUMBER
Universal Decimal Classification number 005.2
100 1# - Rafti
Rafti Osier, Dan
245 10 - TITLE STATEMENT
Title Teach yourself Delphi 3 in 14 days /
Statement of responsibility, etc Dan Osier, Steve Grobman, and Steve Batson.
246 3# - VARYING FORM OF TITLE
Title proper/short title Teach yourself Delphi 3 in fourteen days
250 ## -
-- 1st ed.
260 ## -
-- Indianapolis, Ind. :
-- Sams Pub.,
-- 1997.
300 ## -
-- 599 f. :
-- me il. ;
-- 23 cm.
650 #0 -
-- Delphi (Computer file)
650 #0 -
-- Kompjuterët
650 #0 -
-- Programet
942 ## - ADDED ENTRY ELEMENTS (KOHA)
Source of classification or shelving scheme
Item type Books
Holdings
Withdrawn status Lost status Source of classification or shelving scheme Damaged status Not for loan Collection code Permanent location Current location Shelving location Date acquired Total Checkouts Full call number Date last seen Price effective from Koha item type
          Koleksioni i përgjithshem UBT - Prishtine UBT - Prishtine Koleksioni i përgjithshem 07/14/2015   005.2 OSI 07/14/2015 07/14/2015 Books
UBT Library © 2015-2024. All rights reserved University Education for Business and Technology